Województwa graniczące z państwami. - Statystyki

Ogólne statystyki
  • Ten quiz został rozwiązany 46 razy
  • Średni wynik to 16 z 17
Statystyki odpowiedzi
Państo graniczne Województwo % Poprawnych
Niemcy Dolnośląskie
100%
Czechy Dolnośląskie
100%
Słowacja Małopolskie
100%
Czechy Śląskie
100%
Słowacja Śląskie
100%
Ukraina Lubelskie
98%
Białoruś Lubelskie
98%
Białoruś Podlaskie
98%
Litwa Podlaskie
98%
Rosja Pomorskie
98%
Niemcy Lubuskie
95%
Czechy Opolskie
95%
Litwa Warmińsko-Mazurskie
95%
Rosja Warmińsko-Mazurskie
95%
Niemcy Zachodniopomorskie
95%
Słowacja Podkarpackie
90%
Ukraina Podkarpackie
90%
Nie znaleziono quizów pasujących do podanych kryteriów
Rozkład punktacji
Procent ludzi z każdym wynikiem
Percentyl według liczby udzielonych odpowiedzi
Twoja historia wyników
Nie rozwiązałeś tego quizu